Sports Quiz

Random Sports or Football Quiz

German football teams in european cup finals Quiz Stats

 Plays Quiz not verified by Sporcle

Support Sporcle.
Go Orange.
Score 0/42 Timer 08:00
0 Plays Today
Year / Competition Team % Correct
1974 European Champion Clubs' CupBayern München
97.4%
1975 European Champion Clubs' CupBayern München
96.5%
1976 European Champion Clubs' CupBayern München
94.8%
1997 UEFA Champions LeagueBorussia Dortmund
93.9%
2001 UEFA Champions LeagueBayern München
93.9%
1999 UEFA Champions LeagueBayern München
93%
2013 UEFA Champions LeagueBayern München
93%
2002 UEFA Champions LeagueBayer Leverkusen
92.2%
2010 UEFA Champions LeagueBayern München
92.2%
2012 UEFA Champions LeagueBayern München
92.2%
2013 UEFA Champions LeagueBorussia Dortmund
90.7%
1980 European Champion Clubs' CupHamburger SV
89.6%
1983 European Champion Clubs' CupHamburger SV
87.8%
1987 European Champion Clubs' CupBayern München
87.8%
1982 European Champion Clubs' CupBayern München
82.6%
1960 European Champion Clubs' CupEintracht Frankfurt
81.7%
1977 European Champion Clubs' CupBorussia Mönchengladbach
79.1%
1997 UEFA CupSchalke 04
67%
1996 UEFA CupBayern München
65.2%
1967 UEFA Cup Winner's CupBayern München
62.6%
2002 UEFA CupBorussia Dortmund
60.9%
Year / Competition Team % Correct
2009 Europa LeagueWerder Bremen
60.9%
1966 UEFA Cup Winner's CupBorussia Dortmund
56.5%
1973 UEFA CupBorussia Mönchengladbach
52.2%
1980 UEFA CupEintracht Frankfurt
52.2%
1988 UEFA CupBayer Leverkusen
51.3%
1992 UEFA Cup Winner's CupWerder Bremen
50.4%
1998 UEFA Cup Winner's CupVfB Stuttgart
50.4%
1975 UEFA CupBorussia Mönchengladbach
49.6%
1979 UEFA CupBorussia Mönchengladbach
48.7%
1980 UEFA CupBorussia Mönchengladbach
48.7%
1993 UEFA CupBorussia Dortmund
47.8%
1989 UEFA CupVfB Stuttgart
44.3%
1974 UEFA Cup Winner's CupFC Magdeburg
43.5%
1977 UEFA Cup Winner's CupHamburger SV
43.5%
1965 UEFA Cup Winner's Cup1860 München
41.7%
1982 UEFA CupHamburger SV
39.1%
1979 UEFA Cup Winner's CupFortuna Düsseldorf
36.5%
1968 UEFA Cup Winner's CupHamburger SV
35.7%
1986 UEFA Cup1. FC Köln
33%
1981 UEFA Cup Winner's CupFC Carl Zeiss Jena
30.4%
1987 UEFA Cup Winner's CupLokomotive Leipzig
25.2%

You're not logged in!

Compare scores with friends on all Sporcle quizzes.
OR
Log In

From the Vault

'All' In (5)

by sproutcm

Simply put, this quiz has it all.
Remove Ads.
Support Sporcle.
Get the best of Sporcle when you Go Orange. This ad-free experience offers more features, more stats, and more fun while also helping to support Sporcle. Thank you for becoming a member.

Show Comments

Extras

Top Quizzes Today


Score Distribution

Your Account Isn't Verified!

In order to create a playlist on Sporcle, you need to verify the email address you used during registration. Go to your Sporcle Settings to finish the process.

Report this User

Report this user for behavior that violates our Community Guidelines.

Details: